书目信息 |
| 题名: |
入世与风险投资
|
|
| 作者: | 钱水土 , 王合军 著 | |
| 分册: | ||
| 出版信息: | 北京 世界图书出版公司 2000 |
|
| 页数: | 247页 | |
| 开本: | 20cm | |
| 丛书名: | 入世与经济金融丛书 | |
| 单 册: | ||
| 中图分类: | F832.48 | |
| 科图分类: | ||
| 主题词: | 金融 , 银行 | |
| 电子资源: | ||
| ISBN: | 7-5062-4682-1 | |
| 000 | 00678nam0 2200241 45 | |
| 001 | 0204291471 | |
| 005 | 20031219104055.4 | |
| 010 | @a7-5062-4682-1@dCNY12.00 | |
| 100 | @a20020429d2000 km y0chiy0120 ea | |
| 101 | 0 | @achi |
| 105 | @a z 000yy | |
| 200 | 1 | @a入世与风险投资@ARu Shi Yu Feng Xian Tou Zi@f钱水土,王合军著@FQian Shui Tu,Wang He Jun Zhu |
| 210 | @a北京@c世界图书出版公司@d2000 | |
| 215 | @a247页@d20cm | |
| 225 | @a入世与经济金融丛书 | |
| 410 | @12001 @a入世与经济金融丛书 | |
| 606 | 0 | @a金融 |
| 606 | 0 | @a银行 |
| 690 | @aF832.48@v4 | |
| 701 | 0 | @a钱水土@4著 |
| 701 | 0 | @a王合军@4著 |
| 801 | @aCN@bTSTC@c20020429 | |
| 905 | @b309637-641@dF832.48@e16@f5 | |
| 入世与风险投资/钱水土,王合军著.-北京:世界图书出版公司,2000 |
| 247页;20cm.-(入世与经济金融丛书) |
| ISBN 7-5062-4682-1:CNY12.00 |
| ● |
| 相关链接 |
|
|
|
|
正题名:入世与风险投资
索取号:F832.48/16
 
预约/预借
| 序号 | 登录号 | 条形码 | 馆藏地/架位号 | 状态 | 备注 |
| 1 | 0309637 | 203096372 | 第一借阅区/ [索取号:F832.48/16] | 在馆 | |
| 2 | 0309638 | 203096381 | 第一借阅区/ [索取号:F832.48/16] | 在馆 | |
| 3 | 0309639 | 203096390 | 第一借阅区/ [索取号:F832.48/16] | 在馆 | |
| 4 | 0309640 | 203096407 | 第一借阅区/ [索取号:F832.48/16] | 在馆 | |
| 5 | 0309641 | 203096416 | 第一样本阅览室/ [索取号:F832.48/16] | 在馆 |